Majority Muslim Countries A-Z - Statistics

General Stats
  • This quiz has been taken 496 times
    149 since last reset
  • The average score is 18 of 19
Answer Stats
Hint Answer % Correct
S Saudi Arabia I Senegal I Sierra Leone I Somalia I Sudan I Syria
100%
A Afghanistan I Albania I Algeria I Azerbaijan
99%
O Oman
99%
Y Yemen
99%
B Bahrain I Bangladesh I Bosnia and Herzegovina I Brunei I Burkina Faso
98%
I Indonesia I Iran I Iraq
98%
Q Qatar
98%
K Kazakhstan I Kosovo I Kuwait I Kyrgyzstan
97%
U United Arab Emirates I Uzbekistan
97%
T Tajikistan I Tunisia I Turkey I Turkmenistan
96%
M Malaysia I Maldives I Mali I Mauritania I Morocco
95%
L Lebanon I Libya
94%
J Jordan
92%
N Niger
92%
C Chad I Comoros
91%
P Pakistan
90%
D Djibouti
88%
G Gambia I Guinea
84%
E Egypt
83%
No matching quizzes found
Score Distribution
Percent of People with Each Score
Percentile by Number Answered
Your Score History
You have not taken this quiz since the last reset